| Tag |
First Indicator |
Second Indicator |
Subfields |
| LEADER |
00000cam a2200000 4500 |
| 001 |
in00000009841 |
| 005 |
20151007051554.0 |
| 008 |
740723m19739999enkg b 00110 eng |
| 010 |
|
|
|a 74171152
|
| 015 |
|
|
|a GB73-13585 (v. 1)
|
| 020 |
|
|
|a 0304937568 (v. 1)
|
| 035 |
|
|
|a (OCoLC)01281308
|
| 035 |
|
|
|9 AAA3670AM
|
| 040 |
|
|
|a DLC
|c DLC
|d m.c.
|d TXA
|d UtOrBLW
|
| 049 |
|
|
|a TXAM
|v 1 [A11030926]
|v 2 [A11521066]
|v 3 [A11068238]
|
| 050 |
0 |
0 |
|a ML410.V4
|b B88
|
| 082 |
0 |
|
|a 782.1/092/4
|
| 100 |
1 |
|
|a Budden, Julian.
|
| 245 |
1 |
4 |
|a The operas of Verdi /
|c Julian Budden.
|
| 264 |
|
1 |
|a London :
|b Cassell,
|c 1973-
|
| 300 |
|
|
|a volumes :
|b music ;
|c 24 cm.
|
| 336 |
|
|
|a text
|b txt
|2 rdacontent
|
| 337 |
|
|
|a unmediated
|b n
|2 rdamedia
|
| 338 |
|
|
|a volume
|b nc
|2 rdacarrier
|
| 504 |
|
|
|a Includes bibliographical references and index.
|
| 505 |
1 |
|
|a 1. From Oberto to Rigoletto.--2. From Il trovatore to La forza del destino.
|
| 600 |
1 |
0 |
|a Verdi, Giuseppe,
|d 1813-1901.
|t Works.
|f 1983.
|
| 999 |
|
|
|a MARS
|
| 999 |
f |
f |
|s a6334b47-9770-33d2-849e-6da4ec03c509
|i f7bef2ca-c238-3fd0-9015-af6fc7b16209
|t 0
|
| 952 |
f |
f |
|p ric
|a Texas A&M University
|b Rellis Campus
|c Joint Library Facility
|d Remote Storage
|t 0
|e ML410.V4 B88
|h Library of Congress classification
|i unmediated -- volume
|k v.2
|m A14811521066
|
| 952 |
f |
f |
|p ric
|a Texas A&M University
|b Rellis Campus
|c Joint Library Facility
|d Remote Storage
|t 0
|e ML410.V4 B88
|h Library of Congress classification
|i unmediated -- volume
|k v.1
|m A14811030926
|
| 952 |
f |
f |
|p ric
|a Texas A&M University
|b Rellis Campus
|c Joint Library Facility
|d Remote Storage
|t 0
|e ML410.V4 B88
|h Library of Congress classification
|i unmediated -- volume
|k v.3
|m A14811068238
|
| 998 |
f |
f |
|a ML410.V4 B88
|s v.1-v.3
|t 0
|l Remote Storage
|